000 00521nam a2200181Ia 4500
008 090124s9999 xx 000 0 und d
082 _b39405
100 _aवाळिंबे वि. स.
245 _a युवराज
250 _a2
260 _bनवचैतन्य प्रकाशन
_c2000
300 _a340
600 _aवाळिंबे वि. स.
630 _a युवराज
700 _aवाळिंबे वि. स.
730 _a युवराज
942 _cBOOK
999 _c105380
_d105380